| 000 | 01683nam a2200433Ii 4500 | ||
|---|---|---|---|
| 001 | DIGVEDIV0460 | ||
| 003 | NyNyDIG | ||
| 008 | 220320s2019 sp ob 000 0 spa d | ||
| 006 | m o d | ||
| 007 | cr ||||||||||| | ||
| 035 | _a(OCoLC)1319855494 | ||
| 040 |
_aDGITA _beng _erda _epn _cDGITA |
||
| 020 |
_a9788490735145 _qeBook _qePub |
||
| 020 | _z9788490734889 | ||
| 050 | 1 | 4 | _aBX1970 ebook |
| 100 | 1 |
_aEspinosa González, Sergio César, _eauthor. |
|
| 245 | 1 | 0 |
_aTu palabra es mi luz : _breflexiones para los domingos del ciclo A / _cSergio César Espinosa González. |
| 250 | _aEdición digital. | ||
| 264 | 1 |
_aEstella (Navarra), España : _bEVD, Editorial Verbo Divino, _c[2019] |
|
| 300 | _a1 online resource. | ||
| 336 |
_atext _btxt _2rdacontent |
||
| 337 |
_acomputer _bc _2rdamedia |
||
| 338 |
_aonline resource _bcr _2rdacarrier |
||
| 347 |
_atext file _2rdaft |
||
| 347 | _bEPUB | ||
| 504 | _aIncludes bibliographical references. | ||
| 588 | 0 | _aOnline resource; title from ePub title page (Digitalia, viewed March 20, 2022) | |
| 650 | 0 | _aLectionary preaching. | |
| 610 | 2 | 0 |
_aCatholic Church _xLiturgy _xTexts. |
| 630 | 0 | 0 |
_aBible. _pMatthew _vMeditations. |
| 655 | 0 | _aElectronic books. | |
| 791 | 2 |
_aDigitalia (Firm), _edistributor. |
|
| 793 | 0 |
_gDigitalia eBook Collection: _aEditorial Verbo Divino |
|
| 776 | 0 | 8 |
_iPrint version: _aEspinosa González, Sergio César. _tTu palabra es mi luz. _dEstella (Navarra), España : EVD, Editorial Verbo Divino, [2019] _z9788490734889 |
| 830 | 0 | _aAcción pastoral. | |
| 856 | 4 | 0 |
_3Digitalia Hispánica _uhttps://www.digitaliapublishing.com/a/62271/ |
| 910 | _aPremium collection: 2022 | ||
| 942 | _cRAA | ||
| 999 |
_c258405 _d258405 |
||